Municipios de Jaén - Estadísticas

Estadísticas generales
  • Esta prueba ha sido intentada 14 veces
  • La puntuación promedio es 57 de 97
Estadísticas de respuestas
Municipios % Correcto
Baeza
100%
Cazorla
100%
Jaen
100%
Andújar
90%
La Carolina
90%
Linares
90%
Úbeda
90%
Alcalá la Real
80%
Bailén
80%
Baños de la Encina
80%
Canena
80%
Guarromán
80%
Jimena
80%
Jódar
80%
Mancha Real
80%
Mengíbar
80%
Peal de Becerro
80%
Rus
80%
Villanueva del Arzobispo
80%
Albanchez de Mágina
70%
Arjona
70%
Arjonilla
70%
Marmolejo
70%
Martos
70%
Orcera
70%
Quesada
70%
Sabiote
70%
Torredelcampo
70%
Torredonjimeno
70%
Torreperogil
70%
Vilches
70%
Villacarrillo
70%
Alcaudete
60%
Arquillos
60%
Arroyo del Ojanco
60%
Begíjar
60%
Cabra del Santo Cristo
60%
Cambil
60%
Campillo de Arenas
60%
Castillo de Locubín
60%
Espeluy
60%
Frailes
60%
Fuerte del Rey
60%
Hinojares
60%
Hornos
60%
Huelma
60%
Ibros
60%
Jabalquinto
60%
Jamilena
60%
La Guardia de Jaén
60%
Lopera
60%
Lupión
60%
Noalejo
60%
Porcuna
60%
Pozo Alcón
60%
Santisteban del Puerto
60%
Villanueva de la Reina
60%
Beas de Segura
50%
Bedmar y Garcíez
50%
Chiclana de Segura
50%
Génave
50%
Iznatoraf
50%
Lahiguera
50%
La Iruela
50%
Larva
50%
Los Villares
50%
Navas de San Juan
50%
Santiago de Calatrava
50%
Santo Tomé
50%
Segura de la Sierra
50%
Siles
50%
Torres
50%
Valdepeñas de Jaén
50%
Villarrodrigo
50%
Aldeaquemada
40%
Bélmez de la Moraleda
40%
Benatae
40%
Cárcheles
40%
Castellar
40%
Chilluévar
40%
Escañuela
40%
Fuensanta de Martos
40%
Higuera de Calatrava
40%
Huesa
40%
La Puerta de Segura
40%
Montizón
40%
Puente de Génave
40%
Santa Elena
40%
Santiago-Pontones
40%
Torres de Albanchez
40%
Villardompardo
40%
Carboneros
30%
Cazalilla
30%
Pegalajar
30%
Sorihuela del Guadalimar
30%
Torreblascopedro
30%
Villatorres
30%
No se encontraron pruebas coincidentes
Distribución de puntuación
Porcentaje de gente con cada puntuación
Porcentaje por número respondido
Historial de tus puntuaciones
No has intentado esta prueba.